MARC

LEADER 00000nam0a2200000 4500
001 331381
005 20231102004342.0
035 |a (RuTPU)RU\TPU\book\357202 
035 |a RU\TPU\book\357201 
090 |a 331381 
100 |a 20170421d1977 k y0rusy50 ca 
101 0 |a rus 
102 |a RU 
105 |a a z 001zy 
200 1 |a Химическая технология, свойства и применение пластмасс  |e межвузовский сборник научных трудов  |f Ленинградский технологический институт им. Ленсовета (ЛТИ) ; под ред. А. Ф. Николаева 
210 |a Ленинград  |c Изд-во ЛТИ  |d 1977 
215 |a 115 с.  |c ил. 
320 |a Библиогр. в конце ст. 
606 1 |a Пластмассы  |x Применение в промышленности  |2 stltpush  |3 (RuTPU)RU\TPU\subj\49129  |9 67940 
610 1 |a химическая технология 
610 1 |a свойства 
610 1 |a применение 
610 1 |a олигомеры 
610 1 |a отверждение 
610 1 |a полимеры 
610 1 |a сополимеры 
610 1 |a термостойкие материалы 
610 1 |a радиационная сополимеризация 
675 |a 678.5.02  |v 3 
702 1 |a Николаев  |b А. Ф.  |4 340 
712 0 2 |a Ленинградский технологический институт им. Ленсовета (ЛТИ)  |2 stltpush  |3 (RuTPU)RU\TPU\col\1462 
801 1 |a RU  |b 63413507  |c 20140901 
801 2 |a RU  |b 63413507  |c 20170425  |g RCR 
942 |c BK